Circuitos integrados lineales y amplificadores operacionales
-д хадгалсан:
| Үндсэн зохиолчид: | , |
|---|---|
| Формат: | Ном |
| Хэл сонгох: | испани |
| Хэвлэсэн: |
Ciudad de México
Prentice-Hall Hispanoamericana
1987
|
| Хэвлэл: | 2a. ed |
| Нөхцлүүд: | |
| Шошгууд: |
Шошго нэмэх
Шошго байхгүй, Энэхүү баримтыг шошголох эхний хүн болох!
|
MARC
| LEADER | 00000nam a2200000 a 4500 | ||
|---|---|---|---|
| 001 | UCV6131 | ||
| 003 | CL-VaPUC | ||
| 008 | 880718e19870000MX |||||||||||||||||spa|d | ||
| 082 | 0 | 4 | |a 621.381 |b COU |2 21 |
| 100 | 0 | |a Coughlin, Robert F |e author |9 300383 | |
| 700 | 0 | |a Driscoll, Frederick F |e author |9 300384 | |
| 245 | 1 | 0 | |a Circuitos integrados lineales y amplificadores operacionales |
| 250 | |a 2a. ed | ||
| 300 | |a 394 p | ||
| 942 | |c BK | ||
| 945 | |d 19880718 00:00:00 | ||
| 260 | |a Ciudad de México |b Prentice-Hall Hispanoamericana |c 1987 | ||
| 650 | 0 | |a Circuitos integrados |9 260673 | |
| 650 | 0 | |a Amplificadores |x Electrónica |9 263135 | |
| 583 | |a last modification |c 19880718 00:00:00 |k Rodrigo Vera | ||
| 999 | |c 212364 |d 212362 | ||
| 952 | |0 0 |1 0 |2 ddc |4 0 |6 621_381000000000000_COU_1987 |7 0 |8 A |9 193248 |a BIBING |b BIBING |c RES |d 2019-11-14 |i 2609177 |o 621.381 COU 1987 |p 2609177 |r 2025-01-20 |w 2019-11-14 |y BK |k EIE | ||